000 00637nam a2200217Ia 4500
003 GCL
008 140319s9999 xx 000 0 ara d
040 _aGCL /
_cGCL
082 0 4 _a320.531
_bد هـ
100 1 _aدار الهلال
245 1 0 _aالهلال - ابريل 1966 /
_cدار الهلال
300 _a194 ص
490 _aالهيئة العامة للاستعلامات
_v0
650 0 4 _aالماركسية
650 0 4 _aالفولكلور
650 0 4 _aالاسلام والاشتراكية
650 0 4 _aليوناردو دافينشى
650 0 4 _aهاملت
650 0 4 _aهيمنجوى
942 _2ddc
_cBK
999 _c51591
_d51591